ბათუმის შოთა რუსთაველის სახელმწიფო უნივერსიტეტის ბიბლიოთეკა

თხევადი მოდერნულობა / (ბიბ.ჩანაწერი № 58608)

000 -ლიდერი
ფიქსირებული სიგრძის საკონტროლო ველი 02476nam a22003017a 4500
003 - საკონტროლო ნომრის იდენტიფიკატორი
საკონტროლო ველი Ge_BSU
005 - ბოლო ოპერაციის თარიღი და დრო
საკონტროლო ველი 20220614114542.0
008 - ფიქსირებული სიგრძის მონაცემთა ელემენტები - ზოგადი ინფორმაცია
ფიქსირებული სიგრძის საკონტროლო ველი 220613s2019 ge ||||| |||| 00| 0 geo d
020 ## - წიგნის საერთაშორისო სტანდარტული ნომერი
International Standard Book Number 9789941818035
041 ## - ენის კოდი
Language code of text/sound track or separate title geo
080 ## - უნივერსალური ათობითი კლასიფიკაციის ინდექსი
Universal Decimal Classification number 1(438) +316.422 +141.78 ბ-31
100 ## - მთავარი ჩანაწერი - პიროვნების სახელი
Personal name ბაუმანი, ზიგმუნტ
9 (RLIN) 14061
245 ## - ცნობა სათაურის შესახებ
Title თხევადი მოდერნულობა /
Statement of responsibility, etc ზიგმუნტ ბაუმანი ; მთარგმნელთა ჯგუფი: ნათია ქარჩილაძე, თემო ბეჟანიძე, თამარა მეჭურჭლიშვილი, ნინო ზარანდია ; სამეცნიერო რედაქტორი ლაშა ქავთარაძე ; წინასიტყვაობის ავტორი რევაზ ქოიავა ; ყდის დიზაინი სალომე ლაცაბიძე ; ფრიდრიხ ებერტის ფონდი.
264 ## - წარმოების, გამოცემის, დისტრიბუციის და სხვა ცნობები
გამოცემის, წარმოების, დისტრიბუციის... ადგილი თბილისი:
გამოცემის, წარმოების, დისტრიბუციის... თარიღი 2019.
გამოცემის, წარმოების, დისტრიბუციის... სახელწოდება ინტელექტი,
300 ## - ფიზიკური აღწერა
Extent 344 გვ. ;
Other physical details 21 სმ.
490 ## - სერიის ცნობა
Series statement კრიტიკული თარგმანების სერია / პროექტის ავტორები: თემო ბეჟანიძე, ნათია ქარჩილაძე ;
Volume number/sequential designation 3
500 ## - ზოგადი შენიშვნა
General note პუბლიკაცია მომზადდა ფრიდრიხ ებერტის ფონდის ფინანსური მხარდაჭერით.
653 ## - INDEX TERM--UNCONTROLLED
Uncontrolled term პოლონური ფილოსოფია
653 ## - INDEX TERM--UNCONTROLLED
Uncontrolled term პოსტმოდერნიზმი.
700 ## - ADDED ENTRY--PERSONAL NAME
Personal name ქარჩილაძე, ნათია
Relator term მთარგმნელი
9 (RLIN) 14062
700 ## - ADDED ENTRY--PERSONAL NAME
Personal name ბეჟანიძე, თემო
Relator term მთარგმნელი
9 (RLIN) 14063
700 ## - ADDED ENTRY--PERSONAL NAME
Personal name მეჭურჭლიშვილი, თამარა
Relator term მთარგმნელი
9 (RLIN) 14064
700 ## - ADDED ENTRY--PERSONAL NAME
Personal name ზარანდია, ნინო
Relator term მთარგმნელი
9 (RLIN) 14065
700 ## - ADDED ENTRY--PERSONAL NAME
Personal name ქავთარაძე, ლაშა
Relator term სამეცნ. რედაქტორი
9 (RLIN) 14066
700 ## - ADDED ENTRY--PERSONAL NAME
Personal name ქოიავა, რევაზ
Relator term წინასიტყვაობის ავტორი
9 (RLIN) 14067
700 ## - ADDED ENTRY--PERSONAL NAME
Personal name ლაცაბიძე, სალომე
Relator term ყდის დიზაინერი
9 (RLIN) 14068
942 ## - ADDED ENTRY ELEMENTS (KOHA)
Source of classification or shelving scheme
Koha item type წიგნი
ეგზემპლარები
ჩამოწერის სტატუსი დაკარგული ეგზემპლარის სტატუსი კლასიფიკაციის წყარო ან თაროზე გაწყობის სქემა დაზიანების სტატუსი არ გაიცემა მუდმივი მდებარეობა (დაცვის ადგილი) ამჟამინდელი ადგილსამყოფელი თაროზე განთავსების ადგილი შეძენის თარიღი ღირებულება, შესყიდვის ნორმალური ფასი სრული შენახვის შიფრი შტრიხკოდი ბოლო ოპერაციის თარიღი ეგზემპლარის მიმდევრობითი ნომერი (კეტერი?) ფასის ძალაში შესვლის თარიღი ეგზემპლარის სახეობა საჯარო შენიშვნა
          ბათუმის შოთა რუსთაველის სახელმწიფო უნივერსიტეტის მთავარი ბიბლიოთეკა ბათუმის შოთა რუსთაველის სახელმწიფო უნივერსიტეტის მთავარი ბიბლიოთეკა წიგნსაცავი 2022-06-13 10.00 1(438) +316.422 +141.78 ბ-31 62653 2022-06-13 62653 2022-06-13 წიგნი 10 ლ.